日本の地方地図クイズ - Statistics

General Stats
  • This quiz has been taken 319 times
  • The average score is 8 of 8
Answers on the Map
Answers color-coded by a green-red scale on the quiz's map according to % correct below.
 
Answer Stats
Answer % Correct
東北
97%
関東
96%
北海道
95%
関西
95%
九州
95%
中部
92%
中国
91%
四国
91%
No matching quizzes found
Score Distribution
Percent of People with Each Score
Percentile by Number Answered
Your Score History
You have not taken this quiz